Największe miasta w Polsce na literę S - Statystyki

Ogólne statystyki
  • Ten quiz został rozwiązany 7 999 razy
  • Średni wynik to 6 z 10
Statystyki odpowiedzi
Rank. Liczba mieszańców Województwo Miasto % Poprawnych
1. 401.907 zachodniopomorskie Szczecin
98%
2. 199.975 śląskie Sosnowiec
71%
5. 69.568 podlaskie Suwałki
66%
3. 90.681 pomorskie Słupsk
61%
4. 78.185 mazowieckie Siedlce
50%
7. 66.841 śląskie Siemianowice Śląskie
46%
6. 67.837 zachodniopomorskie Stargard
46%
10. 48.089 łódzkie Skierniewice
42%
9. 48.395 świętokrzyskie Starachowice
37%
8. 60.466 podkarpackie Stalowa Wola
35%
Nie znaleziono quizów pasujących do podanych kryteriów
Rozkład punktacji
Procent ludzi z każdym wynikiem
Percentyl według liczby udzielonych odpowiedzi
Twoja historia wyników
Nie rozwiązałeś tego quizu